Представление документа в формате MARC21

ПолеНазваниеЗначение
  Тип записи a
  Библиографический уровень m
001 Контрольный номер RU\infra-m\znanium\bibl\2220324
005 Дата корректировки 20260429142127.7
008 Кодируемые данные 250730s2025 RU g rus u
020 Индекс ISBN __
a ISBN 978-5-16-019552-0
020 Индекс ISBN __
a ISBN 978-5-16-112151-1 (электр. издание)
040 Источник каталогиз. __
a Служба первич. каталог. Общество с ограниченной ответственностью «ЗНАНИУМ»
041 Код языка издания __
a Код языка текста rus
044 Код страны публикации __
a Код страны публикации RU
080 Индекс УДК __
a Индекс УДК 342.3+351(075.4)
084 Индекс другой классификации/Индекс ББК __
2 Источник индекса rubbk
a Индекс другой классификации/Индекс ББК 67.401.13
084 Индекс другой классификации/Индекс ББК __
2 Источник индекса okso
a Индекс другой классификации/Индекс ББК 40.05.02
084 Индекс другой классификации/Индекс ББК __
2 Источник индекса okso
a Индекс другой классификации/Индекс ББК 40.05.03
084 Индекс другой классификации/Индекс ББК __
2 Источник индекса okso
a Индекс другой классификации/Индекс ББК 40.05.04
084 Индекс другой классификации/Индекс ББК __
2 Источник индекса okso
a Индекс другой классификации/Индекс ББК 40.06.01
084 Индекс другой классификации/Индекс ББК __
2 Источник индекса okso
a Индекс другой классификации/Индекс ББК 41.03.02
084 Индекс другой классификации/Индекс ББК __
2 Источник индекса okso
a Индекс другой классификации/Индекс ББК 44.05.01
100 Автор __
a Автор Сальников В.П.
q Полное имя Сальников Виктор Петрович
u Дополнение Военная ордена Жукова академия войск национальной гвардии Российской Федерации
245 Заглавие __
a Заглавие Политико-правовое управление и угрозы суверенитету государства
b Продолж. заглавия Монография
c Ответственность Военная ордена Жукова академия войск национальной гвардии Российской Федерации; Санкт-Петербургский политехнический университет Петра Великого; Институт деловой карьеры; Военная ордена Жукова академия войск национальной гвардии Российской Федерации; Русская христианская гуманитарная академия имени Ф.М. Достоевского; УНИВЕРСИТЕТ ФОНД; Орловский юридический институт Министерства внутренних дел Российской Федерации им.Лукьянова; Научно-исследовательский институт Таджикского национального университета; Починковский районный суд Нижегородской области; Санкт-Петербургский университет Министерства внутренних дел России; ГАВЕЛ ЛИГАЛ СПБ КА; Московский государственный университет им. М.В. Ломоносова, юридический факультет; Российская академия народного хозяйства и государственной службы при Президенте РФ
250 Сведения об издании __
a Основные сведения об издании 2
260 Выходные данные __
a Место издания Москва
b Издательство ООО "Научно-издательский центр ИНФРА-М"
c Дата издания 2026
300 Физическое описание __
a Объем 423 с.
440 Серия __
a Серия Научная мысль
520 Аннотация __
a Аннотация В конце XX столетия общество столкнулось не просто с комплексом системных угроз национальной независимости отдельных государств но и с попытками поставить под сомнение и существенно трансформировать с прицелом на последующий демонтаж сам институт государственного суверенитета а соответственно и саму «вестфальскую модель» государства. На эту угрозу усилившуюся в рамках глобализационных процессов европейское научное сообщество теоретиков права ответило концепцией суверенитета как набора отдельных «компетенций» российское — идеей суверенитета как национальной ценности которая в 2020 г. была закреплена на конституционном уровне. В рамках данного подхода в коллективной монографии предпринята попытка исследования возможностей противодействия угрозам государственного суверенитета посредством современных политико-правовых технологий управления; осуществлен анализ используемых и перспективных методов противодействия кризисным процессам с учетом зарубежного и российского опыта.
521 Примеч. о цел. назн. __
a Примеч. о целев. назн. Дополнительное профессиональное образование
650 Тематические рубрики __
a Основная рубрика Право. Юридические науки
x Основная подрубрика Конституционное (государственное) право
655 Указ. предметных рубрик (устаревшее) __
a Жанр/ форма (устаревшее) Монография
700 Другие авторы __
a Другие авторы Гутман М.Ю.
q Полное имя Гутман Матвей Юрьевич
u Дополнение Военная ордена Жукова академия войск национальной гвардии Российской Федерации
700 Другие авторы __
a Другие авторы Захарцев С.И.
q Полное имя Захарцев Сергей Иванович
u Дополнение Военная ордена Жукова академия войск национальной гвардии Российской Федерации
700 Другие авторы __
a Другие авторы Зорина Н.В.
q Полное имя Зорина Наталья Владимировна
u Дополнение ГАВЕЛ ЛИГАЛ СПБ КА
700 Другие авторы __
a Другие авторы Игнатьева С.В.
q Полное имя Игнатьева Светлана Викторовна
u Дополнение Военная ордена Жукова академия войск национальной гвардии Российской Федерации
700 Другие авторы __
a Другие авторы Исмагилов Р.Ф.
q Полное имя Исмагилов Рашид Фаатович
u Дополнение Военная ордена Жукова академия войск национальной гвардии Российской Федерации
700 Другие авторы __
a Другие авторы Кийко А.Ю.
q Полное имя Кийко Андрей Юрьевич
u Дополнение Военная ордена Жукова академия войск национальной гвардии Российской Федерации
700 Другие авторы __
a Другие авторы Клименко О.А.
q Полное имя Клименко Оксана Алексеевна
u Дополнение Орловский юридический институт Министерства внутренних дел Российской Федерации им.Лукьянова
700 Другие авторы __
a Другие авторы Крижановская Г.Н.
q Полное имя Крижановская Галина Николаевна
u Дополнение Военная ордена Жукова академия войск национальной гвардии Российской Федерации
700 Другие авторы __
a Другие авторы Лысенков С.Г.
q Полное имя Лысенков Сергей Геннадьевич
u Дополнение Военная ордена Жукова академия войск национальной гвардии Российской Федерации
700 Другие авторы __
a Другие авторы Масленников Д.В.
q Полное имя Масленников Дмитрий Владимирович
u Дополнение Русская христианская гуманитарная академия имени Ф.М. Достоевского
700 Другие авторы __
a Другие авторы Мирзоев А.К.
q Полное имя Мирзоев Ашурали Кенджаевич
u Дополнение Научно-исследовательский институт Таджикского национального университета
700 Другие авторы __
a Другие авторы Новожилов С.А.
q Полное имя Новожилов Сергей Александрович
u Дополнение УНИВЕРСИТЕТ ФОНД
700 Другие авторы __
a Другие авторы Петров П.А.
q Полное имя Петров Петр Алексеевич
u Дополнение Государственная Дума Федерального Собрания Российской Федерации
700 Другие авторы __
a Другие авторы Прокофьев К.Г.
q Полное имя Прокофьев Константин Георгиевич
u Дополнение Институт деловой карьеры
700 Другие авторы __
a Другие авторы Сальников М.В.
q Полное имя Сальников Михаил Викторович
u Дополнение Военная ордена Жукова академия войск национальной гвардии Российской Федерации
700 Другие авторы __
a Другие авторы Сальников С.П.
q Полное имя Сальников Сергей Павлович
u Дополнение Починковский районный суд Нижегородской области
700 Другие авторы __
a Другие авторы Старовойтова О.Э.
q Полное имя Старовойтова Ольга Эдуардовна
u Дополнение Военная ордена Жукова академия войск национальной гвардии Российской Федерации
700 Другие авторы __
a Другие авторы Третьяков И.Л.
q Полное имя Третьяков Иван Львович
u Дополнение Санкт-Петербургский политехнический университет Петра Великого
700 Другие авторы __
a Другие авторы Утюганов А.А.
q Полное имя Утюганов Алексей Анатольевич
u Дополнение Военная ордена Жукова академия войск национальной гвардии Российской Федерации
700 Другие авторы __
a Другие авторы Хабибулин А.Г.
q Полное имя Хабибулин Алик Галимзянович
u Дополнение Московский государственный университет им. М.В. Ломоносова, юридический факультет
700 Другие авторы __
a Другие авторы Шкрум Д.В.
q Полное имя Шкрум Дмитрий Васильевич
856 Электронный адрес документа 4_
a Имя сервера/домена znanium.ru
m Помощь ebs_support@infra-m.ru
n Местонахождение сервера НИЦ ИНФРА-М
u URL https://znanium.ru/catalog/document?id=467864
856 Электронный адрес документа 48
a Имя сервера/домена znanium.ru
d Путь /cover/2220
f Электронное имя 2220324.jpg
q Тип электронного формата image/jpeg
u URL https://znanium.ru/cover/2220/2220324.jpg
911 __
u 0030=https://znanium.ru/catalog/document?id=467864
911 __
u 712a=Санкт-Петербургский политехнический университет Петра Великого
911 __
u 712a=Институт деловой карьеры
911 __
u 712a=Военная ордена Жукова академия войск национальной гвардии Российской Федерации
911 __
u 712a=Русская христианская гуманитарная академия имени Ф.М. Достоевского
911 __
u 712a=УНИВЕРСИТЕТ ФОНД
911 __
u 712a=Орловский юридический институт Министерства внутренних дел Российской Федерации им.Лукьянова
911 __
u 712a=Научно-исследовательский институт Таджикского национального университета
911 __
u 712a=Починковский районный суд Нижегородской области
911 __
u 712a=Санкт-Петербургский университет Министерства внутренних дел России
911 __
u 712a=ГАВЕЛ ЛИГАЛ СПБ КА
911 __
u 712a=Московский государственный университет им. М.В. Ломоносова, юридический факультет
911 __
u 712a=Российская академия народного хозяйства и государственной службы при Президенте РФ